Estatísticas para Países mais próximos do Camboja - corrida de um minuto

Clique aqui para jogar o quiz

Estatísticas Gerais

  • Esse quiz foi jogado 19 vezes
  • A pontuação média é 14 de 20

Estatísticas das Respostas

kmpaís% Correto
768Indonésia
100%
0Laos
100%
324Birmânia
94%
405Malásia
94%
0Tailândia
94%
0Vietname
94%
773China
82%
1090Índia
82%
998Singapura
71%
1805Butão
65%
2789Coréia do Sul
65%
1141Filipinas
65%
1943Japão
65%
1111Brunei
59%
2060Nepal
59%
2337Sri Lanka
59%
1330Bangladesh
53%
1606Taiwan
47%
2988Timor-Leste
41%
3001Palau
6%

Distribuição das Pontuações

Percentil de Números Respondidos

Porcentagem de Pessoas com Cada Pontuação

Sua Pontuação Histórica

Você não jogou esse quiz